000 00618nam a22001937a 4500
003 OSt
005 20221109173330.0
008 150522b xxu||||| |||| 00| 0 eng d
020 _a2-913094-01-5
040 _cBiblioteca Lado V
082 _a708
_bT615c
100 _9337
_aTissier, Noelle
_dcurador
245 _aCet ete la.../
_bexposition de varietes/
260 _c1998
_aFrancia
_bMinisterio de la cultura, Drac Languedoc-Roussillon
300 _a68p.
_c17x25cm
651 _2Tesauro de Arte & Arquitectura
_aBRASIL
700 _aKlanten, Robert
_eeditora
942 _2ddc
_c1
_h708
_iT615c
_n0
999 _c2526
_d2526